| 000 | 00531nam a2200205Ia 4500 | ||
|---|---|---|---|
| 003 | GCL | ||
| 008 | 140319s9999 xx 000 0 eng d | ||
| 040 |
_aGCL / _cGCL |
||
| 082 | 0 | 4 |
_a823 _bA P |
| 100 | 1 | _aAUSTEN, JANE | |
| 245 | 1 | 0 |
_aPRIDE AND PREJUDICE / _cAUSTEN, JANE |
| 260 |
_aانجلترا : _bDAILY EXPRESS PUBLICATIONS ، _c1933 |
||
| 300 |
_a19 CM ؛ _c407 P. |
||
| 490 |
_aNONE _v0 |
||
| 650 | 0 | 4 | _aENGLISH LITERATURE |
| 650 | 0 | 4 | _aLITERATURE |
| 650 | 0 | 4 | _aENGLISH FICTION |
| 650 | 0 | 4 | _aFICTION |
| 942 |
_2ddc _cBK |
||
| 999 |
_c19427 _d19427 |
||